| Tag |
First Indicator |
Second Indicator |
Subfields |
| LEADER |
00000cam a2200000Ia 4500 |
| 001 |
in00003500313 |
| 006 |
m o d |
| 007 |
cr cn||||||||| |
| 008 |
030611s2002 maua ob 001 0 eng d |
| 005 |
20260421170615.1 |
| 019 |
|
|
|a 55047149
|a 66731489
|a 70736547
|a 228374746
|a 517800171
|a 559242324
|a 647325603
|a 722224963
|a 728014867
|a 756512546
|a 759526103
|a 767056869
|a 818976267
|
| 020 |
|
|
|a 0306476185 (electronic bk.)
|
| 020 |
|
|
|a 9780306476181 (electronic bk.)
|
| 020 |
|
|
|z 0792376471
|
| 020 |
|
|
|z 9780792376477
|
| 035 |
|
|
|a (OCoLC)52413246
|z (OCoLC)55047149
|z (OCoLC)66731489
|z (OCoLC)70736547
|z (OCoLC)228374746
|z (OCoLC)517800171
|z (OCoLC)559242324
|z (OCoLC)647325603
|z (OCoLC)722224963
|z (OCoLC)728014867
|z (OCoLC)756512546
|z (OCoLC)759526103
|z (OCoLC)767056869
|z (OCoLC)818976267
|
| 040 |
|
|
|a N$T
|b eng
|e pn
|c N$T
|d YDXCP
|d OCLCG
|d NLGGC
|d OCLCQ
|d TNF
|d MERUC
|d CCO
|d E7B
|d EBLCP
|d UAB
|d OKU
|d FVL
|d DKDLA
|d OCLCQ
|d IDEBK
|d OCLCQ
|d OCLCO
|d GW5XE
|d OCLCQ
|d UtOrBLW
|
| 049 |
|
|
|a TXAM
|
| 050 |
|
4 |
|a TK7874
|b .W358 2002eb
|
| 072 |
|
7 |
|a TEC
|x 008020
|2 bisacsh
|
| 072 |
|
7 |
|a TEC
|x 008010
|2 bisacsh
|
| 082 |
0 |
4 |
|a 621.3815
|2 21
|
| 100 |
1 |
|
|a Wang, Albert Z. H.,
|d 1962-
|
| 245 |
1 |
0 |
|a On-chip ESD protection for integrated circuits :
|b an IC design perspective /
|c by Albert Z.H. Wang.
|
| 264 |
|
1 |
|a Boston, Mass. :
|b Kluwer Academic Publishers,
|c 2002.
|
| 300 |
|
|
|a 1 online resource (xvi, 303 pages) :
|b illustrations.
|
| 336 |
|
|
|a text
|b txt
|2 rdacontent
|
| 337 |
|
|
|a computer
|b c
|2 rdamedia
|
| 338 |
|
|
|a online resource
|b cr
|2 rdacarrier
|
| 490 |
1 |
|
|a The Kluwer international series in engineering and computer science ;
|v 663
|
| 504 |
|
|
|a Includes bibliographical references and index.
|
| 588 |
0 |
|
|a Print version record.
|
| 520 |
|
|
|a This comprehensive and insightful book discusses ESD protection circuit design problems from an IC designer's perspective. On-Chip ESD Protection for Integrated Circuits: An IC Design Perspective provides both fundamental and advanced materials needed by a circuit designer for designing ESD protection circuits, including: Testing models and standards adopted by U.S. Department of Defense, EIA/JEDEC, ESD Association, Automotive Electronics Council, International Electrotechnical Commission, etc. ESD failure analysis, protection devices, and protection of sub-circuits Whole-chip ESD protection and ESD-to-circuit interactions Advanced low-parasitic compact ESD protection structures for RF and mixed-signal IC's Mixed-mode ESD simulation-design methodologies for design prediction ESD-to-circuit interactions, and more! Many real world ESD protection circuit design examples are provided. The book can be used as a reference book for working IC designers and as a textbook for students in the IC design field.
|
| 500 |
|
|
|a Electronic resource.
|
| 650 |
|
0 |
|a Integrated circuits
|x Design and construction.
|
| 650 |
|
0 |
|a Integrated circuits
|x Protection.
|
| 650 |
|
0 |
|a Electric discharges
|x Prevention.
|
| 650 |
|
0 |
|a Electrostatics.
|
| 650 |
|
0 |
|a Static eliminators.
|
| 650 |
|
4 |
|a Integrated circuits.
|
| 650 |
|
4 |
|a Electrical engineering.
|
| 650 |
|
4 |
|a Engineering.
|
| 650 |
|
7 |
|a TECHNOLOGY & ENGINEERING
|x Electronics
|x Circuits
|x Integrated.
|2 bisacsh
|
| 650 |
|
7 |
|a TECHNOLOGY & ENGINEERING
|x Electronics
|x Circuits
|x General.
|2 bisacsh
|
| 653 |
|
|
|a Andre fag (naturvidenskab og teknik)
|a Andre fag.
|
| 655 |
|
7 |
|a Electronic books.
|2 local
|
| 710 |
2 |
|
|a SpringerLink (Online service)
|
| 776 |
1 |
8 |
|i Print version:
|a Wang, Albert Z.H., 1962-
|t On-chip ESD protection for integrated circuits.
|d Boston, Mass. : Kluwer Academic Publishers, 2002
|z 0792376471
|w (DLC) 2001057974
|w (OCoLC)48501129
|
| 830 |
|
0 |
|a Kluwer international series in engineering and computer science ;
|v 663.
|
| 856 |
4 |
0 |
|u http://proxy.library.tamu.edu/login?url=https://link.springer.com/10.1007/b117005
|z Connect to the full text of this electronic book
|t 0
|
| 994 |
|
|
|a 92
|b TXA
|
| 999 |
|
|
|a MARS
|
| 999 |
f |
f |
|s 45498b85-16d9-3ae4-b736-37068dcacf6a
|i 0842e573-4336-3741-97d5-b05999cbf44e
|t 0
|
| 952 |
f |
f |
|a Texas A&M University
|b College Station
|c Electronic Resources
|s www_evans
|d Available Online
|t 0
|e TK7874 .W358 2002eb
|h Library of Congress classification
|
| 998 |
f |
f |
|a TK7874 .W358 2002eb
|t 0
|l Available Online
|